000 00831nam a2200265Ia 4500
003 OSt
005 20220928115746.0
006 a|||||r|||| 00| 0
007 ta
008 220927b |||||||| |||| 00| 0 eng d
020 _cUKP 175.00
024 _a136685
037 _b019, 08/11/2017, Excel Book International
_cTextual
040 _aSDCL
_cSDCL
_beng
041 _2eng
_aeng
082 _aU98, Q8
100 _aPitt Joseph C. Ed.
_9405196
245 0 _aSpaces for the future
_b A companion to philosophy of technology
260 _aNew York
_b Routledge
_c2018
300 _axi,364p.
_ccm.
650 _aPhilosophy
700 _a Shew Ashley Ed.
_9445952
942 _hU98, Q8
_cTEXL
_2CC
999 _c760808
_d760808